[Event "Schachfestival 2020-Senioren"]
[Site "Bad Woerishofen"]
[Date "2020.03.09"]
[Round "5.1"]
[White "Rubke, Manfred"]
[Black "Pfitzer, Norbert"]
[Result "1-0"]
[WhiteElo "2147"]
[BlackElo "2082"]
[Annotator "chessorg"]
[PlyCount "79"]
[EventDate "2020.??.??"]
[WhiteTeam "TSV Haunstetten"]
[BlackTeam "SV Backnang"]

1. c4 e5 2. g3 Nf6 3. Bg2 Bc5 4. e3 Nc6 5. a3 a5 6. Nc3 O-O 7. Nge2 Re8 8. O-O
Bf8 9. d4 d6 10. d5 Ne7 11. e4 Ng6 12. h3 Bd7 13. Kh2 Qc8 14. Be3 b6 15. b4 h6
16. Ng1 Be7 17. Qe2 Nh7 18. f4 axb4 19. axb4 Rxa1 20. Rxa1 exf4 21. gxf4 Bf6
22. Ra3 Nh4 23. Nd1 Nxg2 24. Qxg2 Kh8 25. Nf2 h5 26. Nf3 g6 27. Bd4 c5 28.
Bxf6+ Nxf6 29. Ng5 Kg7 30. b5 Qc7 31. Nd3 Nh7 32. f5 Nxg5 33. Qxg5 Rxe4 34.
fxg6 fxg6 35. Nf4 Rxf4 36. Qxf4 Bf5 37. Qe3 Kf6 38. Qc3+ Kf7 39. Qa1 Bd7 40.
Ra8 1-0

[Event "Schachfestival 2020-Senioren"]
[Site "Bad Woerishofen"]
[Date "2020.03.09"]
[Round "5.2"]
[White "Norman, Kenneth"]
[Black "Daeubler, Heinrich"]
[Result "1/2-1/2"]
[WhiteElo "2110"]
[BlackElo "2127"]
[Annotator "chessorg"]
[PlyCount "63"]
[EventDate "2020.??.??"]
[BlackTeam "S Haselmuehl Amberg"]

1. Nf3 g6 2. c4 Bg7 3. d4 Nf6 4. g3 O-O 5. Bg2 d6 6. Nc3 Nc6 7. O-O a6 8. d5
Na5 9. Nd2 c5 10. Qc2 Rb8 11. b3 b5 12. Bb2 bxc4 13. bxc4 Bh6 14. f4 e5 15.
dxe6 Bxe6 16. Nd5 Bxd5 17. cxd5 Ng4 18. Nb3 Nxb3 19. axb3 Qb6 20. Qc3 f6 21.
Bh3 Qxb3 22. Bxg4 Qxb2 23. Be6+ Kh8 24. Qxb2 Rxb2 25. Rxa6 Rd8 26. e4 Bf8 27.
Ra7 Rdb8 28. Rf7 Re2 29. Rf2 Rxf2 30. Kxf2 Bg7 31. Rd7 Bf8 32. Rf7 1/2-1/2

[Event "Schachfestival 2020-Senioren"]
[Site "Bad Woerishofen"]
[Date "2020.03.09"]
[Round "5.8"]
[White "Gerl, Hans"]
[Black "Schrems, Hermann"]
[Result "1-0"]
[WhiteElo "1947"]
[BlackElo "2090"]
[Annotator "chessorg"]
[PlyCount "89"]
[EventDate "2020.??.??"]
[WhiteTeam "SGem 1882 Fuerth"]
[BlackTeam "SC Emmendingen 1937 e.V."]

1. d4 Nf6 2. c4 g6 3. Nc3 d5 4. cxd5 Nxd5 5. e4 Nxc3 6. bxc3 Bg7 7. Bc4 c5 8.
Be3 O-O 9. Ne2 Nc6 10. O-O Qc7 11. Rc1 Rd8 12. h3 b6 13. f4 e6 14. Kh1 Na5 15.
Bd3 f5 16. Qd2 Bb7 17. Ng3 Qf7 18. Qf2 c4 19. Bb1 Rac8 20. d5 fxe4 21. dxe6
Qxe6 22. f5 gxf5 23. Nxf5 Rc7 24. Qg3 Rcd7 25. Bd4 Qg6 26. Qxg6 hxg6 27. Nxg7
Rxd4 28. Ne6 R4d6 29. Nxd8 Rxd8 30. Rcd1 Re8 31. Rd7 Re6 32. Kg1 e3 33. Re1 a6
34. Bc2 Bc6 35. Rd4 b5 36. Rg4 Kg7 37. h4 Kh6 38. Rg3 Kh5 39. Rgxe3 Rxe3 40.
Rxe3 Kxh4 41. Bxg6 Nb7 42. Re6 Bd5 43. Rxa6 Nc5 44. Rd6 Bg8 45. Bc2 1-0

[Event "Schachfestival 2020-Senioren"]
[Site "Bad Woerishofen"]
[Date "2020.03.09"]
[Round "5.14"]
[White "Nordby, Bernt"]
[Black "Krasnopeyeva, Yuliya"]
[Result "1-0"]
[WhiteElo "2037"]
[BlackElo "1918"]
[Annotator "chessorg"]
[PlyCount "71"]
[EventDate "2020.??.??"]
[WhiteTeam "Fredrikstad Schakselskap"]
[BlackTeam "TSV Schott Mainz"]

1. d4 Nf6 2. c4 g6 3. Nc3 Bg7 4. e4 d6 5. Be2 O-O 6. Nf3 e5 7. O-O Nc6 8. d5
Ne7 9. Ne1 a5 10. Nd3 Nd7 11. f3 f5 12. g4 Kh8 13. h4 Nf6 14. Kg2 Qd7 15. Nf2
Neg8 16. Rh1 fxg4 17. fxg4 Qf7 18. Rf1 Qe7 19. Kg3 c6 20. Be3 Bd7 21. g5 Ne8
22. Bg4 b5 23. Bxd7 Qxd7 24. dxc6 Qxc6 25. cxb5 Qd7 26. b6 Ne7 27. Nd5 Qe6 28.
Nxe7 Qxe7 29. Qd5 Rb8 30. Rac1 Rf7 31. Ng4 Rf8 32. Rxf8+ Qxf8 33. b7 h5 34. Nh2
Qe7 35. Rc8 Rxb7 36. Rxe8+ 1-0

[Event "Schachfestival 2020-Senioren"]
[Site "Bad Woerishofen"]
[Date "2020.03.09"]
[Round "5.17"]
[White "Zwetz, Anita"]
[Black "Waltenberger, Udo"]
[Result "0-1"]
[WhiteElo "1853"]
[BlackElo "1998"]
[Annotator "chessorg"]
[PlyCount "66"]
[EventDate "2020.??.??"]
[WhiteTeam "TSV Kareth-Lappersdorf"]
[BlackTeam "SV Eiche Reichenbrand"]

1. d4 g6 2. Nf3 Nf6 3. Bg5 Bg7 4. Nc3 d5 5. h3 Nbd7 6. e3 O-O 7. Be2 b6 8. Ne5
Bb7 9. f4 Ne8 10. Nxd7 Qxd7 11. Qd3 Nd6 12. Bf3 e6 13. Bh4 f5 14. Be2 a5 15. b3
Ba6 16. Qd2 Bxe2 17. Qxe2 b5 18. Qd3 Rfc8 19. O-O Rab8 20. Rad1 c5 21. Qd2 cxd4
22. exd4 Qc7 23. Nb1 Ne4 24. Qe1 b4 25. Qe2 Qxc2 26. Qa6 Qc6 27. Qxa5 Rb5 28.
Qa4 Ra8 29. Rc1 Bxd4+ 30. Kh2 Bc5 31. Be7 Rxa4 32. bxa4 Ra5 33. Rc2 Qxa4 0-1

[Event "Schachfestival 2020-Senioren"]
[Site "Bad Woerishofen"]
[Date "2020.03.09"]
[Round "5.19"]
[White "Harsch, Martin"]
[Black "Rumsey, Victor"]
[Result "0-1"]
[WhiteElo "1944"]
[BlackElo "1768"]
[Annotator "chessorg"]
[PlyCount "29"]
[EventDate "2020.??.??"]
[WhiteTeam "SK Saanenland"]
[BlackTeam "Battersea"]

1. e4 e5 2. Nf3 Nc6 3. Bb5 Nf6 4. d3 Bc5 5. O-O d6 6. c3 O-O 7. Nbd2 a6 8. Ba4
Ba7 9. h3 b5 10. Bc2 d5 11. Re1 dxe4 12. dxe4 Qe7 13. Nf1 Rd8 14. Qe2 Be6 15.
Be3 0-1

[Event "Schachfestival 2020-Senioren"]
[Site "Bad Woerishofen"]
[Date "2020.03.09"]
[Round "5.24"]
[White "Hoebarth, Guenter"]
[Black "Cerpnjak, Mirko"]
[Result "1-0"]
[WhiteElo "1889"]
[BlackElo "1788"]
[Annotator "chessorg"]
[PlyCount "61"]
[EventDate "2020.??.??"]
[WhiteTeam "POEchlarn"]

1. e4 e6 2. b3 d6 3. Bb2 e5 4. f4 Nc6 5. Nf3 Qe7 6. Nc3 Nf6 7. Bb5 Bd7 8. O-O
a6 9. fxe5 dxe5 10. Bxc6 Bxc6 11. Nd5 Bxd5 12. exd5 O-O-O 13. Nxe5 Qc5+ 14. d4
Qe7 15. c4 h5 16. a4 Qe8 17. Qf3 Bb4 18. Qf5+ Kb8 19. Rf3 Rf8 20. Re3 Be7 21.
Rae1 g6 22. Qf3 Ng8 23. c5 f6 24. Nc4 Qf7 25. d6 cxd6 26. cxd6 Bxd6 27. Nxd6
Rxd6 28. Ba3 Rfd8 29. Qg3 Qc7 30. Bxd6 Rxd6 31. Re8+ 1-0

[Event "Schachfestival 2020-Senioren"]
[Site "Bad Woerishofen"]
[Date "2020.03.09"]
[Round "5.29"]
[White "Krotofil, Kurt"]
[Black "Hackbarth, Christa"]
[Result "1-0"]
[WhiteElo "1874"]
[BlackElo "1798"]
[Annotator "chessorg"]
[PlyCount "55"]
[EventDate "2020.??.??"]
[WhiteTeam "Niendorfer TSV 1919 SAbt"]
[BlackTeam "Ranshofen"]

1. d4 d5 2. c4 c6 3. Nf3 Nf6 4. Nc3 e6 5. Bg5 Be7 6. e3 O-O 7. Bd3 dxc4 8. Bxc4
c5 9. O-O cxd4 10. Nxd4 Nbd7 11. Rc1 Nb6 12. Bd3 a6 13. Qc2 h6 14. Bh4 Nbd5 15.
a3 Bd7 16. Qb3 Qb6 17. Nxd5 Nxd5 18. Qxb6 Nxb6 19. Bxe7 Rfc8 20. Be4 Nd5 21.
Bxd5 exd5 22. Nb3 Bb5 23. Rxc8+ Rxc8 24. Rc1 Re8 25. Rc7 Bc6 26. Nd4 f6 27.
Nxc6 bxc6 28. Bc5 1-0

[Event "Schachfestival 2020-Senioren"]
[Site "Bad Woerishofen"]
[Date "2020.03.09"]
[Round "5.36"]
[White "Schwis, Joachim"]
[Black "Flockerzi, Armin"]
[Result "1-0"]
[WhiteElo "1988"]
[BlackElo "1707"]
[Annotator "chessorg"]
[PlyCount "51"]
[EventDate "2020.??.??"]
[WhiteTeam "Ford SF Koeln e.V."]
[BlackTeam "VfR-SC Koblenz"]

1. Nc3 b6 2. d4 e6 3. e4 d6 4. f4 Be7 5. Nf3 Bb7 6. Bd3 Nf6 7. O-O O-O 8. e5
Nd5 9. Nxd5 Bxd5 10. c4 Bb7 11. Qc2 g6 12. Be3 Nd7 13. Rad1 Qc8 14. Be4 Rb8 15.
a3 f5 16. Bxb7 Qxb7 17. b4 Rfd8 18. Rfe1 Nf8 19. d5 dxe5 20. Nxe5 exd5 21. cxd5
Rd6 22. Nc6 Re8 23. Bf2 Kf7 24. b5 Nd7 25. Rxe7+ Rxe7 26. Nd8+ 1-0

[Event "Schachfestival 2020-Senioren"]
[Site "Bad Woerishofen"]
[Date "2020.03.12"]
[Round "5.37"]
[White "Budde, Reinhard"]
[Black "Cleve-Prinz, Wolfgang"]
[Result "0-1"]
[WhiteElo "1749"]
[BlackElo "1948"]
[Annotator "chessorg"]
[PlyCount "78"]
[EventDate "2020.??.??"]
[WhiteTeam "SG Enger-Spenge"]
[BlackTeam "SK Altenkirchen"]

1. e4 g6 2. Nf3 Bg7 3. c3 d6 4. h3 a6 5. d4 Nd7 6. Be3 b5 7. a3 Bb7 8. Bd3 Ngf6
9. Nbd2 c5 10. d5 Nb6 11. Bc2 O-O 12. O-O e6 13. dxe6 fxe6 14. Qe2 Qc7 15. Ng5
Rae8 16. f4 Nh5 17. Qg4 Qe7 18. Rae1 Nf6 19. Qg3 e5 20. f5 gxf5 21. Rxf5 Bc8
22. Rf2 h6 23. Ngf3 Kh7 24. Nh4 Qf7 25. Ref1 Nh5 26. Qh2 Qe7 27. Nf5 Bxf5 28.
exf5 Nf6 29. Qg3 Qf7 30. Ne4 Rd8 31. Qh4 Kg8 32. Bxh6 Bxh6 33. Qxh6 Nxe4 34.
Bxe4 Qf6 35. Rf3 Qxh6 36. f6 Kf7 37. Rg3 Rg8 38. Rd3 d5 39. Bf3 e4 0-1

[Event "Schachfestival 2020-Senioren"]
[Site "Bad Woerishofen"]
[Date "2020.03.11"]
[Round "6.2"]
[White "Gerl, Hans"]
[Black "Norman, Kenneth"]
[Result "1-0"]
[WhiteElo "1947"]
[BlackElo "2110"]
[Annotator "chessorg"]
[PlyCount "63"]
[EventDate "2020.??.??"]
[WhiteTeam "SGem 1882 Fuerth"]

1. d4 Nf6 2. c4 g6 3. Nc3 d5 4. cxd5 Nxd5 5. e4 Nxc3 6. bxc3 Bg7 7. Bc4 c5 8.
Be3 Nc6 9. Ne2 O-O 10. O-O Bd7 11. h3 Rc8 12. Rc1 Qa5 13. f4 e6 14. g4 b5 15.
Bd3 c4 16. Bb1 f5 17. d5 Nd8 18. dxe6 Bxe6 19. gxf5 gxf5 20. exf5 Bf7 21. Kh2
Kh8 22. Rg1 Nc6 23. f6 Bxf6 24. Qc2 Bg6 25. Rxg6 hxg6 26. Qxg6 Rc7 27. Qh6+ Kg8
28. Rg1+ Rg7 29. Rxg7+ Bxg7 30. Qe6+ Kh8 31. Qxc6 Qd8 32. Nd4 1-0

[Event "Schachfestival 2020-Senioren"]
[Site "Bad Woerishofen"]
[Date "2020.03.11"]
[Round "6.5"]
[White "Chan, Peng Kong"]
[Black "Keller, Harald"]
[Result "1-0"]
[WhiteElo "2142"]
[BlackElo "2024"]
[Annotator "chessorg"]
[PlyCount "65"]
[EventDate "2020.??.??"]
[BlackTeam "SV Rottweil"]

1. d4 Nf6 2. c4 e6 3. g3 Bb4+ 4. Bd2 Bxd2+ 5. Qxd2 d5 6. Bg2 O-O 7. Nf3 Ne4 8.
Qc2 Nd7 9. O-O c6 10. Nbd2 f5 11. Rab1 Nxd2 12. Qxd2 dxc4 13. Rfc1 Qe7 14. Qf4
Re8 15. Ne5 Nxe5 16. dxe5 Rd8 17. Rd1 Rd5 18. Bxd5 exd5 19. b3 c3 20. Rbc1 Be6
21. Rxc3 Rf8 22. Qd4 a6 23. f4 h5 24. b4 g5 25. a4 Bd7 26. b5 axb5 27. axb5 Ra8
28. Rdc1 Ra3 29. Rxa3 Qxa3 30. Ra1 Qb3 31. bxc6 Bxc6 32. e6 Kh7 33. Ra8 1-0

[Event "Schachfestival 2020-Senioren"]
[Site "Bad Woerishofen"]
[Date "2020.03.11"]
[Round "6.7"]
[White "Schwarze, Marianne"]
[Black "Hahn, Volker"]
[Result "0-1"]
[WhiteElo "1660"]
[BlackElo "1813"]
[Annotator "chessorg"]
[PlyCount "74"]
[EventDate "2020.??.??"]
[WhiteTeam "LSV Turm Lippstadt"]
[BlackTeam "DBSB"]

1. e4 e5 2. Bc4 Bc5 3. Nf3 Nc6 4. Nc3 d6 5. h3 Nf6 6. d3 a6 7. a3 h6 8. O-O Be6
9. Ba2 Bxa2 10. Nxa2 a5 11. a4 O-O 12. Nc3 Nb4 13. Ne2 d5 14. c3 dxe4 15. Ne1
Nxd3 16. Nxd3 Qxd3 17. Qxd3 exd3 18. Ng3 Rad8 19. Bd2 Rfe8 20. Kh2 e4 21. Nf5
Nd5 22. Rae1 Re5 23. Ne3 Nxe3 24. fxe3 Bd6 25. g3 Rg5 26. Rg1 h5 27. h4 Rg6 28.
Ref1 Re8 29. b4 axb4 30. cxb4 Ree6 31. Bc3 Be5 32. Bd2 Rc6 33. Kh3 Rc2 34. Rf2
Bc3 35. Rgg2 Bxd2 36. Rxd2 Rxd2 37. Rxd2 Rc6 0-1

[Event "Schachfestival 2020-Senioren"]
[Site "Bad Woerishofen"]
[Date "2020.03.11"]
[Round "6.20"]
[White "Neumann, Erwin"]
[Black "Braeu, Wolfgang"]
[Result "0-1"]
[WhiteElo "1835"]
[BlackElo "1938"]
[Annotator "chessorg"]
[PlyCount "94"]
[EventDate "2020.??.??"]

1. e4 g6 2. d4 Bg7 3. Nf3 d6 4. c3 Nd7 5. Bd3 e5 6. d5 Ngf6 7. Qe2 O-O 8. O-O
c6 9. c4 c5 10. Nc3 a6 11. a4 Re8 12. a5 Rb8 13. Bd2 b6 14. axb6 Nxb6 15. Rfb1
Nbd7 16. Nd1 Nh5 17. g3 Qe7 18. b4 cxb4 19. Bxb4 Nc5 20. Bxc5 Rxb1 21. Rxb1
dxc5 22. Nc3 Bg4 23. Qe3 Qc7 24. Nh4 Bd7 25. Bc2 Bf8 26. Na4 Bh3 27. Bd1 Nf6
28. Nc3 Rb8 29. Qd3 Rxb1 30. Qxb1 Qa5 31. Qd3 Nxe4 32. Qxe4 Qxc3 33. Nf3 Qa1
34. Qe1 Bd6 35. Ng5 Bg4 36. f3 Qd4+ 37. Kg2 Bf5 38. g4 Bd3 39. Qh4 h5 40. Ne6
fxe6 41. Qd8+ Bf8 42. Qd7 exd5 43. Qe6+ Kh8 44. cxd5 Qf4 45. d6 Qd2+ 46. Kg3
Qe1+ 47. Kg2 Bf1+ 0-1

[Event "Schachfestival 2020-Senioren"]
[Site "Bad Woerishofen"]
[Date "2020.03.11"]
[Round "6.21"]
[White "Lechner, Otto"]
[Black "Hoebarth, Guenter"]
[Result "0-1"]
[WhiteElo "1819"]
[BlackElo "1889"]
[Annotator "chessorg"]
[PlyCount "86"]
[EventDate "2020.??.??"]
[WhiteTeam "TSV Wertingen 1862 SAbt"]
[BlackTeam "POEchlarn"]

1. d4 d5 2. Nf3 c5 3. e3 cxd4 4. exd4 Bg4 5. Qd3 Nf6 6. Ne5 Bd7 7. Be3 g6 8.
Be2 Bg7 9. Nd2 O-O 10. Nxd7 Nbxd7 11. Nf3 Ne4 12. O-O Nd6 13. b3 b5 14. c3 Qb6
15. Rab1 Rfc8 16. Rfc1 a6 17. Ne5 Qd8 18. Nxd7 Qxd7 19. f3 Rc6 20. Qd1 Rac8 21.
Bd2 Qe6 22. Bd3 Nf5 23. Qe1 Qf6 24. Bxf5 Qxf5 25. Qxe7 Re6 26. Qa3 Re2 27. Qb2
Qd3 28. Rd1 Bh6 29. Bxh6 Qxd1+ 30. Rxd1 Rxb2 31. c4 bxc4 32. bxc4 Rxc4 33. Re1
Rc8 34. Re5 Rxa2 35. Rxd5 Rb8 36. h4 Rab2 37. Rd7 R2b7 38. Rd6 a5 39. Bf4 Ra8
40. Rc6 a4 41. d5 a3 42. d6 a2 43. Be5 a1=Q+ 0-1

[Event "Schachfestival 2020-Senioren"]
[Site "Bad Woerishofen"]
[Date "2020.03.11"]
[Round "6.25"]
[White "Schmieder, Siegfried"]
[Black "Zwetz, Anita"]
[Result "0-1"]
[WhiteElo "1978"]
[BlackElo "1853"]
[Annotator "chessorg"]
[PlyCount "55"]
[EventDate "2020.??.??"]
[BlackTeam "TSV Kareth-Lappersdorf"]

1. e4 e6 2. d3 d5 3. Nd2 c5 4. g3 Nc6 5. Bg2 Nf6 6. f4 Be7 7. Ngf3 dxe4 8. dxe4
O-O 9. Qe2 Rb8 10. e5 Nd5 11. O-O Nd4 12. Nxd4 cxd4 13. Ne4 Qb6 14. Kh1 Bd7 15.
Nf2 Bb5 16. Nd3 Nb4 17. a3 Nxd3 18. cxd3 Ba4 19. b4 Rfc8 20. Be4 Rc2 21. Qf3
Qc7 22. f5 Bd7 23. f6 Bf8 24. fxg7 Bxg7 25. Qxf7+ Kh8 26. Qh5 Bh6 27. Qxh6
Rxh2+ 28. Kxh2 0-1

[Event "Schachfestival 2020-Senioren"]
[Site "Bad Woerishofen"]
[Date "2020.03.11"]
[Round "6.28"]
[White "Krasnopeyeva, Yuliya"]
[Black "Klimpel, Siegfried"]
[Result "1-0"]
[WhiteElo "1918"]
[BlackElo "1801"]
[Annotator "chessorg"]
[PlyCount "65"]
[EventDate "2020.??.??"]
[WhiteTeam "TSV Schott Mainz"]
[BlackTeam "TSV Kareth-Lappersdorf"]

1. e4 e6 2. d4 d5 3. Nc3 dxe4 4. Nxe4 Nd7 5. Bd3 Ngf6 6. Be3 Be7 7. Qe2 b6 8.
O-O-O Bb7 9. f3 Nd5 10. Bd2 Qc8 11. Kb1 c5 12. c4 N5f6 13. d5 Nxe4 14. fxe4 Ne5
15. Nf3 Nxf3 16. gxf3 e5 17. f4 Bd6 18. Bc3 Qc7 19. Rhg1 g6 20. Qg4 Qe7 21. Bc2
Bc8 22. Ba4+ Kd8 23. Qf3 f5 24. fxe5 Bxe5 25. exf5 Bxf5+ 26. Ka1 Bxc3 27. Qxc3
Rf8 28. Rge1 Qd6 29. Qg7 h5 30. Rd2 b5 31. Bxb5 a6 32. Bc6 Rc8 33. Rde2 1-0

[Event "Schachfestival 2020-Senioren"]
[Site "Bad Woerishofen"]
[Date "2020.03.11"]
[Round "6.32"]
[White "Mahrla, Hans"]
[Black "Bauer, Wolfgang"]
[Result "0-1"]
[WhiteElo "1767"]
[BlackElo "1872"]
[Annotator "chessorg"]
[PlyCount "52"]
[EventDate "2020.??.??"]
[WhiteTeam "SC Eichenau"]
[BlackTeam "SC Dillingen"]

1. e4 c5 2. f4 Nc6 3. c3 e6 4. Nf3 Nf6 5. e5 Nd5 6. d3 d6 7. d4 cxd4 8. cxd4
dxe5 9. fxe5 Bb4+ 10. Kf2 O-O 11. a3 Be7 12. Nc3 f6 13. Nxd5 Qxd5 14. Be3 fxe5
15. dxe5 Nxe5 16. Qxd5 exd5 17. h3 Bh4+ 18. Ke2 Nxf3 19. gxf3 b6 20. Bg2 Ba6+
21. Kd2 d4 22. Bxd4 Rfd8 23. Ke3 Re8+ 24. Kf4 h5 25. Rac1 Re2 26. Rcf1 Rf8+ 0-1

[Event "Schachfestival 2020-Senioren"]
[Site "Bad Woerishofen"]
[Date "2020.03.11"]
[Round "6.35"]
[White "Titz, Waldemar"]
[Black "Blosze, Winfried"]
[Result "0-1"]
[WhiteElo "1729"]
[BlackElo "1839"]
[Annotator "chessorg"]
[PlyCount "60"]
[EventDate "2020.??.??"]
[WhiteTeam "SV Rottweil"]
[BlackTeam "SV Koenigsspringer 1929 Großauheim"]

1. e4 e5 2. Nf3 Nf6 3. Nxe5 d6 4. Nf3 Nxe4 5. d4 d5 6. Bd3 Bb4+ 7. c3 Bd6 8.
O-O O-O 9. Nbd2 Nxd2 10. Bxd2 h6 11. h3 c5 12. Re1 Nc6 13. Rc1 Qf6 14. Be3 c4
15. Bb1 Bf5 16. Bxf5 Qxf5 17. Qc2 Qh5 18. Qd2 Qf5 19. Qc2 Qf6 20. Bd2 b5 21. a3
a5 22. Ne5 Bxe5 23. dxe5 Nxe5 24. Re3 Nd3 25. Rf3 Qc6 26. Rd1 Rae8 27. Be3 Re6
28. Qe2 Rfe8 29. Qc2 Rg6 30. Rf1 d4 0-1

[Event "Schachfestival 2020-B-Open"]
[Site "Bad Woerishofen"]
[Date "2020.03.11"]
[Round "6.3"]
[White "Zeleny, Luca"]
[Black "Renk, Cornelius"]
[Result "1-0"]
[WhiteElo "1639"]
[BlackElo "1758"]
[Annotator "chessorg"]
[PlyCount "61"]
[EventDate "2020.??.??"]
[BlackTeam "SC Marsberg e.V."]

1. e4 c6 2. d4 d5 3. e5 Bf5 4. Nf3 e6 5. Be2 h6 6. O-O Qb6 7. a4 a5 8. Nbd2 Na6
9. Nb3 Nb4 10. Bd3 Bxd3 11. cxd3 Qa6 12. Ne1 b6 13. Bd2 Rc8 14. Bxb4 Bxb4 15.
Rc1 Rc7 16. f4 Bxe1 17. Rxe1 Ne7 18. g4 g6 19. Rc2 h5 20. f5 hxg4 21. fxe6 fxe6
22. Rf1 Rh3 23. Qxg4 Qxd3 24. Rc3 Qxf1+ 25. Kxf1 Rxh2 26. Qxe6 Kd8 27. Kg1 Rxb2
28. Rh3 Rb1+ 29. Kf2 Rb2+ 30. Ke1 Rb1+ 31. Kd2 1-0

[Event "Schachfestival 2020-B-Open"]
[Site "Bad Woerishofen"]
[Date "2020.03.11"]
[Round "6.4"]
[White "Natterer, Winfried"]
[Black "Litfin, Boris"]
[Result "0-1"]
[WhiteElo "1669"]
[BlackElo "1948"]
[Annotator "chessorg"]
[PlyCount "76"]
[EventDate "2020.??.??"]
[BlackTeam "SK Freiburg-Wiehre 2000 e.V."]

1. e4 c5 2. Nf3 Nc6 3. d4 cxd4 4. Nxd4 g6 5. c4 Bg7 6. Be3 Nf6 7. Nc3 O-O 8.
Be2 d6 9. O-O Bd7 10. f3 Rc8 11. Kh1 a6 12. Rb1 Na5 13. b3 b5 14. Ncxb5 axb5
15. cxb5 Ne8 16. b4 Nc4 17. Bxc4 Rxc4 18. a4 Qb8 19. Qd3 Bxd4 20. Bxd4 Qc8 21.
Be3 Nf6 22. Rfc1 d5 23. Bc5 Rxc1+ 24. Rxc1 dxe4 25. fxe4 Qa8 26. a5 Qb8 27. b6
Bc6 28. Qe2 Qe5 29. a6 Nxe4 30. Qf1 Qh5 31. Kg1 Rd8 32. b7 Nd2 33. Qf4 Ne4 34.
b8=Q Qd5 35. Qxd8+ Qxd8 36. Bxe7 Qd4+ 37. Kf1 Bb5+ 38. Ke1 Qg1+ 0-1

[Event "Schachfestival 2020-Senioren"]
[Site "Bad Woerishofen"]
[Date "2020.03.11"]
[Round "7.1"]
[White "Rubke, Manfred"]
[Black "Gerl, Hans"]
[Result "0-1"]
[WhiteElo "2147"]
[BlackElo "1947"]
[Annotator "chessorg"]
[PlyCount "96"]
[EventDate "2020.??.??"]
[WhiteTeam "TSV Haunstetten"]
[BlackTeam "SGem 1882 Fuerth"]

1. c4 e5 2. g3 Nc6 3. Bg2 Nf6 4. Nc3 Bb4 5. Nd5 Nxd5 6. cxd5 Ne7 7. a3 Bc5 8.
e3 d6 9. Ne2 Bg4 10. f3 Bh5 11. b4 Bb6 12. Qb3 O-O 13. g4 Bg6 14. e4 c6 15. h4
h6 16. dxc6 bxc6 17. Bb2 Kh8 18. d4 f6 19. O-O Bf7 20. Qd3 c5 21. Kh2 cxd4 22.
f4 Rc8 23. Rac1 Qd7 24. g5 Qg4 25. Bh3 Qxh4 26. Kg2 Rxc1 27. Bxc1 Bh5 28. Be6
Bxe2 29. Qxe2 exf4 30. gxh6 Qg3+ 31. Kh1 d3 32. Qh2 Qxh2+ 33. Kxh2 g5 34. Rd1
Bd4 35. Rxd3 Be5 36. b5 f5 37. exf5 Nxf5 38. a4 f3+ 39. Kg1 Bd4+ 40. Rxd4 f2+
41. Kg2 f1=Q+ 42. Kxf1 Nxd4+ 43. Kg2 Nxe6 44. Be3 Nc5 45. a5 Rb8 46. b6 axb6
47. axb6 Ne6 48. Kg3 Kh7 0-1

[Event "Schachfestival 2020-Senioren"]
[Site "Bad Woerishofen"]
[Date "2020.03.11"]
[Round "7.5"]
[White "Plischke, Berthold"]
[Black "Daeubler, Heinrich"]
[Result "0-1"]
[WhiteElo "1935"]
[BlackElo "2127"]
[Annotator "chessorg"]
[PlyCount "34"]
[EventDate "2020.??.??"]
[WhiteTeam "SV Wesel 1928 e.V."]
[BlackTeam "S Haselmuehl Amberg"]

1. e4 g6 2. d4 Bg7 3. Be3 d6 4. Nc3 a6 5. Qd2 b5 6. Bd3 Bb7 7. O-O-O Nd7 8. h4
c5 9. Be2 b4 10. Na4 Bc6 11. b3 Bxa4 12. bxa4 Qa5 13. dxc5 Qxa4 14. Bd4 e5 15.
Be3 Ngf6 16. Qxd6 Nxe4 17. Qd5 Qa3+ 0-1

[Event "Schachfestival 2020-Senioren"]
[Site "Bad Woerishofen"]
[Date "2020.03.11"]
[Round "7.8"]
[White "Braeu, Wolfgang"]
[Black "Pfitzer, Norbert"]
[Result "0-1"]
[WhiteElo "1938"]
[BlackElo "2082"]
[Annotator "chessorg"]
[PlyCount "88"]
[EventDate "2020.??.??"]
[BlackTeam "SV Backnang"]

1. d4 Nf6 2. Nf3 g6 3. Nc3 Bg7 4. e4 d6 5. Be3 c6 6. Qd2 b5 7. Bd3 a6 8. Bh6
O-O 9. Bxg7 Kxg7 10. a4 b4 11. Ne2 a5 12. c4 Nbd7 13. O-O e5 14. Bc2 Qe7 15.
Rfe1 Ba6 16. b3 c5 17. d5 h6 18. Ng3 Ng8 19. h4 Ndf6 20. Bd3 Bc8 21. h5 Nxh5
22. Nxh5+ gxh5 23. Re3 Qf6 24. g3 Bg4 25. Be2 Ne7 26. Kg2 Rg8 27. Nh4 Kh7 28.
Rh1 Qg5 29. Kf1 Raf8 30. Ke1 f5 31. f3 f4 32. Rd3 Bd7 33. gxf4 Rxf4 34. Bf1
Rxh4 35. Qxg5 hxg5 36. Rxh4 gxh4 37. f4 Ng6 38. f5 Nf4 39. Rf3 Rg3 40. Kf2
Rxf3+ 41. Kxf3 Kh6 42. Kf2 Kg5 43. Kf3 Be8 44. Kf2 Bxa4 0-1

[Event "Schachfestival 2020-Senioren"]
[Site "Bad Woerishofen"]
[Date "2020.03.11"]
[Round "7.10"]
[White "Hoebarth, Guenter"]
[Black "Esswein, Karlheinz"]
[Result "0-1"]
[WhiteElo "1889"]
[BlackElo "2033"]
[Annotator "chessorg"]
[PlyCount "72"]
[EventDate "2020.??.??"]
[WhiteTeam "POEchlarn"]
[BlackTeam "Schachclub Ludwigshafen 1912"]

1. d3 e5 2. g3 d5 3. Bg2 Nf6 4. Nf3 Nbd7 5. c4 c6 6. cxd5 Nxd5 7. O-O Be7 8.
Nbd2 O-O 9. Nc4 Qc7 10. Bd2 N5b6 11. Bc3 Nxc4 12. dxc4 f6 13. Qc2 Rd8 14. Rfd1
Nf8 15. Rxd8 Bxd8 16. Rd1 Be6 17. b3 Be7 18. Nh4 g6 19. Nf3 Rd8 20. Rxd8 Qxd8
21. Nh4 Qd7 22. Nf3 Bf5 23. Qd2 Bb1 24. Qc1 Bf5 25. h4 Qd6 26. Nd2 Qd8 27. Kh2
Qb6 28. e3 Qd8 29. Ne4 Qd3 30. Nd2 Nd7 31. e4 Bg4 32. Qb1 Qxc3 33. Nf1 Bc5 34.
f3 Be6 35. Qd1 Qd4 36. Qxd4 Bxd4 0-1

[Event "Schachfestival 2020-Senioren"]
[Site "Bad Woerishofen"]
[Date "2020.03.11"]
[Round "7.12"]
[White "Simons, Dirk"]
[Black "Rumsey, Victor"]
[Result "1-0"]
[WhiteElo "2018"]
[BlackElo "1768"]
[Annotator "chessorg"]
[PlyCount "49"]
[EventDate "2020.??.??"]
[WhiteTeam "Schachklub Sachsenheim"]
[BlackTeam "Battersea"]

1. d4 Nf6 2. Nf3 d5 3. Bf4 e6 4. e3 Bd6 5. Ne5 O-O 6. Nd2 c5 7. c3 b6 8. Bd3
Bb7 9. Qf3 Qc7 10. Qh3 Nbd7 11. Ndf3 Ne4 12. Bxe4 dxe4 13. Ng5 h6 14. Nxe6 fxe6
15. Qxe6+ Kh7 16. Nxd7 Rfd8 17. Bxd6 Qxd7 18. Qxd7 Rxd7 19. dxc5 Rad8 20. O-O-O
bxc5 21. Bxc5 Rxd1+ 22. Rxd1 Rxd1+ 23. Kxd1 Kg6 24. Bxa7 Bd5 25. b3 1-0

[Event "Schachfestival 2020-Senioren"]
[Site "Bad Woerishofen"]
[Date "2020.03.11"]
[Round "7.13"]
[White "Neese, Hans Joachim"]
[Black "Zerweck, Christoph"]
[Result "1-0"]
[WhiteElo "2088"]
[BlackElo "1892"]
[Annotator "chessorg"]
[PlyCount "25"]
[EventDate "2020.??.??"]
[WhiteTeam "SV Hennef"]

1. d4 d5 2. Nf3 Nf6 3. c4 c6 4. Nc3 e6 5. e3 Nbd7 6. b3 Bd6 7. Bb2 O-O 8. Bd3
e5 9. cxd5 cxd5 10. dxe5 Nxe5 11. Be2 Bg4 12. Nxe5 Bxe2 13. Nxe2 1-0

[Event "Schachfestival 2020-Senioren"]
[Site "Bad Woerishofen"]
[Date "2020.03.11"]
[Round "7.23"]
[White "Klett, Thomas"]
[Black "Bachmann, Rolf"]
[Result "1-0"]
[WhiteElo "1825"]
[BlackElo "1944"]
[Annotator "chessorg"]
[PlyCount "61"]
[EventDate "2020.??.??"]
[WhiteTeam "SV Urach"]
[BlackTeam "SVigung Hamm"]

1. c4 c5 2. g3 Nc6 3. Bg2 d6 4. Nc3 g6 5. Nf3 Bg7 6. O-O Nf6 7. d4 cxd4 8. Nxd4
Nxd4 9. Qxd4 O-O 10. Qd3 Rb8 11. Be3 b6 12. h3 Be6 13. Bd4 Rc8 14. b3 Qd7 15.
Kh2 d5 16. cxd5 Bxd5 17. Nxd5 Nxd5 18. Bxg7 Rfd8 19. Bb2 Nb4 20. Qxd7 Rxd7 21.
Rfd1 Rdc7 22. Rac1 Rxc1 23. Rxc1 Rxc1 24. Bxc1 Nxa2 25. Bd2 a5 26. Bc6 Nb4 27.
Bxb4 axb4 28. f4 Kg7 29. g4 h6 30. e4 e6 31. e5 1-0